View from the window and others (Record no. 197261)

MARC details
000 -LEADER
fixed length control field 00374nam a22001457a 4500
008 - FIXED-LENGTH DATA ELEMENTS--GENERAL INFORMATION
fixed length control field 230818b ||||| |||| 00| 0 eng d
082 ## - DEWEY DECIMAL CLASSIFICATION NUMBER
Classification number S-MEN
100 ## - MAIN ENTRY--PERSONAL NAME
Personal name Menon, Geeta
245 ## - TITLE STATEMENT
Title View from the window and others
Medium English
260 ## - PUBLICATION, DISTRIBUTION, ETC. (IMPRINT)
Place of publication, distribution, etc Delhi
Name of publisher, distributor, etc A.I.C.B.
Date of publication, distribution, etc Rohini
270 ## - ADDRESS
Address A.I.C.B. Rohini, Delhi
300 ## - PHYSICAL DESCRIPTION
Extent 12x13
490 ## - SERIES STATEMENT
Volume number/sequential designation 1-2
942 ## - ADDED ENTRY ELEMENTS (KOHA)
Source of classification or shelving scheme Dewey Decimal Classification
Item type Braille-Books-English
Call number prefix S
Call number suffix MEN
Holdings
Withdrawn status Lost status Not for loan Home library Current library Date acquired Cost, normal purchase price Full call number Barcode Koha item type
      Braille-Library Braille-Library 18/08/2023 199.00 S-MEN BR-004270 Braille-Books-English
      Braille-Library Braille-Library 18/08/2023 199.00 S-MEN BR-004271 Braille-Books-English
      Braille-Library Braille-Library 18/08/2023 199.00 S-MEN BR-004272 Braille-Books-English
      Braille-Library Braille-Library 18/08/2023 199.00 S-MEN BR-004273 Braille-Books-English
      Braille-Library Braille-Library 18/08/2023 199.00 S-MEN BR-004274 Braille-Books-English
      Braille-Library Braille-Library 18/08/2023 199.00 S-MEN BR-004275 Braille-Books-English

© Delhi Public Library
Hit Counter
free hit counter